000 01263nam a2200265Ia 4500
999 _c49415
_d49415
001 16335
003 GE_BSU
005 20221227095852.0
008 181216s2013||||ge |||||||||||||| ||geo||
020 _a9992822201
040 _cGE_BSU
041 _ageo
080 _a34(479.22) ქ-22
245 _aქართული სამართლის საფუძვლები /
_cავტ. კოლ. : მაყვალა კახაძე, მზია ლეკვეიშვილი, ვალერიან მეტრეველი [და სხვ.] ; რედ. რომან შენგელია.
264 _aთბილისი :
_bმერიდიანი,
_c2013.
300 _a440 გვ. ;
_c20 სმ.
541 _h20ლ.
653 _aსამართალი
653 _aქართული სამართალი
700 _aკახაძე, მაყვალა
_eავტორი
_912328
700 _aლეკვეიშვილი, მზია
_eავტორი
_912329
700 _aმეტრეველი, ვალერიან
_eავტორი
_97646
700 _a შენგელია, რომან
_eრედაქრორი
_912330
942 _cBK
_2udc